LEADER 03113nam 2200601 450 001 9910466602403321 005 20200923020339.0 010 $a2-7592-3411-8 010 $a2-7592-2592-5 035 $a(CKB)3840000000343519 035 $a(Au-PeEL)EBL5255492 035 $a(CaPaEBR)ebr11506038 035 $a(OCoLC)1017736726 035 $a(MiAaPQ)EBC5255492 035 $a(FrMaCLE)OB-quae-39645 035 $a(oapen)https://directory.doabooks.org/handle/20.500.12854/86902 035 $a(PPN)257806849 035 $a(EXLCZ)993840000000343519 100 $a20180301h20172017 uy 0 101 0 $afre 135 $aurcnu|||||||| 181 $2rdacontent 182 $2rdamedia 183 $2rdacarrier 200 10$aScience et territoires de l'ignorance $econfe?rence-de?bat organise?e par le groupe Sciences en questions a? l'INRA de Bordeaux le 30 mai 2016 /$fMathias Girel 210 $aVersailles$cÉditions Quæ$d2017 210 1$aVersailles, [France] :$cE?ditions Quae,$d2017. 210 4$d©2017 215 $a1 online resource (159 pages) 225 1 $aSciences en questions,$x1269-8490 311 $a2-7592-2591-7 320 $aIncludes bibliographical references. 330 $aL?ignorance peut être autre chose que la pure absence de savoir ou que le simple fait d?être privé de connaissances possédées par d?autres : elle peut être surmontée, elle peut aussi être produite. Quels sont les variétés et les modes de l?ignorance, et pourquoi est-il essentiel d?en tenir compte dans les débats environnementaux et sanitaires ? Lorsqu?elle est « produite », comme l?estiment certains, comment l?est-elle ? L?ouvrage répond à ces questions et, au-delà de l?opposition tranchée entre l?ignorance conçue comme front de la science et l?ignorance stratégique, il explore une véritable « zone grise » qui constitue une partie de ce paysage : conflits d?intérêt, débats sur les sources de financement de la recherche, crise de la réplication des expérimentations. Quand et comment peut-on sortir de cette « zone grise » où tout devient indiscernable pour qualifier plus nettement les phénomènes en jeu ? Si nos enquêtes comme nos actions peuvent réussir ou échouer, échouer de manière épisodique ou persistante, sous l?action d?un tiers ou non, dans quels cas est-il raisonnable de relier ces échecs à des intentions ? 410 0$aSciences en questions. 606 $aIgnorance (Theory of knowledge) 610 $aenvironnement 610 $aclimat 610 $asystème d'information 610 $aéthique 610 $aexpertise 610 $aphilosophie 615 0$aIgnorance (Theory of knowledge) 676 $a001.094209031 700 $aGirel$b Mathias$01041276 712 02$aGroupe Sciences en questions, 712 02$aInstitut national de la recherche agronomique (France) 801 0$bMiAaPQ 801 1$bMiAaPQ 801 2$bMiAaPQ 906 $aBOOK 912 $a9910466602403321 996 $aScience et territoires de l'ignorance$92464695 997 $aUNINA LEADER 03943oam 2200469I 450 001 9910793197603321 005 20211220175744.0 010 $a90-04-37542-2 024 7 $a10.1163/9789004375420 035 $a(CKB)4100000005601894 035 $a(MiAaPQ)EBC5554939 035 $a(nllekb)BRILL9789004375420 035 $a(PPN)243126611 035 $a(EXLCZ)994100000005601894 100 $a20181023d2018 uy 101 0 $aeng 135 $aurcnu|||||||| 181 $ctxt$2rdacontent 182 $cc$2rdamedia 183 $acr$2rdacarrier 200 00$aBeyond Grammaticalization and Discourse Markers$b[e-book] $eNew Issues in the Study of Language Change 210 31$aLeiden,$aBoston:$cBrill,$d2018. 215 $a1 online resource (xiii, 413 pages) $cillustrations 225 1 $aStudies in pragmatics ;$vVolume 18 311 $a90-04-37540-6 327 $tFront Matter --$tCopyright Page --$tNotes on Contributors --$tIntroduction: New Insights in Grammaticalization Studies /$rSalvador Pons Bordería --$tModeling Language Change with Constructional Networks /$rElizabeth Closs Traugott --$tCyclic Phenomena in the Evolution of Pragmatic Markers. Examples from Romance /$rMaj-Britt Mosegaard Hansen --$tThe Historical Route of eso sí as a Contrastive Connective /$rAna Llopis Cardona --$tGrammaticalization, Distance, Immediacy and Discourse Traditions: The Case of Portuguese caso /$rDavid Paul Gerards and Johannes Kabatek --$tParadigmaticisation through Formal Resemblance: a History of the Intensifier bien in Spanish Discourse Markers /$rÁlvaro S. Octavio de Toledo y Huerta --$tNew Challenges in the Theory of Grammaticalization. Evidence from the Rise of Spanish Counter-Argumentative Markers no obstante, no contrastante and no embargante /$rMar Garachana --$tThe Evolution of Temporal Adverbs into Consecutive Connectives and the Role of Discourse Traditions: The Case of It. allora and Sp. entonces /$rMargarita Borreguero Zuloaga --$tDifferent Sensitivity to Variation and Change: Italian Pragmatic Marker dai vs. Discourse Marker allora /$rPiera Molinelli --$tInsubordination, Abtönung, and the Next Move in Interaction. Main-Clause-Initial puisque in French /$rUlrich Detges and Paul Gévaudan --$tPaths of Grammaticalization: Beyond the LP/RP Debate /$rSalvador Pons Bordería --$tOn Argumentative Relations in Spanish: Experimental Evidence on the Grammaticalization of Cause-Consequence Discourse Markers /$rInés Recio , Laura Nadal and Óscar Loureda --$tBack Matter --$tIndex. 330 $aBeyond Grammaticalization and Discourse Markers offers a comprehensive account of the most promising new directions in the vast field of grammaticalization studies. From major theoretical issues to hardly addressed experimental questions, this volume explores new ways to expand, refine or even challenge current ideas on grammaticalization. All contributions, written by leading experts in the fields of grammaticalization and discourse markers, explore issues such as: the impact of Construction Grammar into language change; cyclicity as a driving force of change; the importance of positions and discourse units as predictors of grammaticalization; a renewed way of thinking about philological considerations, or the role of Experimental Pragmatics for hypothesis checking. 410 0$aStudies in Pragmatics$v18. 606 $aGrammar, Comparative and general$xGrammaticalization 606 $aDiscourse markers 615 0$aGrammar, Comparative and general$xGrammaticalization. 615 0$aDiscourse markers. 676 $a415 700 $aSalvador Pons Bordería; Óscar Loureda Lamas (Volume Editors)$01513940 702 $aPons Borderi?a$b Salvador 702 $aLoureda Lamas$b Oscar 801 0$bNL-LeKB 801 1$bNL-LeKB 906 $aBOOK 912 $a9910793197603321 996 $aBeyond Grammaticalization and Discourse Markers$93748708 997 $aUNINA